Estudios sobre la huelga

Detalles Bibliográficos
Otros Autores: Baylos Grau, Antonio, 1953-, Palomeque Lp̤ez, Manuel Carlos
Formato: Libro
Lenguaje:español
Publicado: Albacete : Bomarzo, 2005
Materias:
Acceso en línea:Acceso restringido

MARC

LEADER 00000nam a2200000 a 4500
005 20110915113958.0
008 050705s2005 sp |||||| 000 ||spa|c
017 |a DL AB. 196-2005 
020 |a 8486977657 
035 |a 5731 
040 |a vLex 
080 |a 331.109.32(460) 
090 |c 2465  |d 2465 
245 0 0 |a Estudios sobre la huelga   |h [Recurso electrn̤ico] /  |c coordinador: Antonio Baylos Grau ; Autores: Manuel Carlos Palomeque Lp̤ez...[et al.] 
256 |a Servicio en ln̕ea. 
260 |a Albacete :  |b Bomarzo,  |c 2005 
300 |a 228 p.;  |c 24 cm 
504 |a Bibliografa̕ 
506 1 |a Contenido solo disponible en los productos indicados  |d vLex Global  |d vLex Global (Academic Edition, excluding Law Schools)  |d vLex Global (U.S. Academic Edition, Law Schools)  |d vLex Global (U.S. Academic Edition, excluding Law Schools)  |d vLex Global (Academic Edition, Law Schools) 
650 0 4 |a Vagas generales  |z Espaą 
700 1 |a Baylos Grau, Antonio,  |d 1953- 
700 1 |a Palomeque Lp̤ez, Manuel Carlos 
740 0 |a vLex Libros (Servicio en ln̕ea) 
856 4 0 |u http://vlex.com/source/estudios-sobre-huelga-5731  |z Acceso restringido 
942 |c BOOK